000
00222nam a2200097Ia 4500
008
230907s9999||||xx |||||||||||||| ||und||
082
_a
510.76
_b
BAR
245
0
_a
Essential maths and stats :
260
_c
2013
942
_c
BK
999
_c
599041
_d
599041